[Event "Bayern-chI Bank Hofmann 11th"]
[Site "Bad Wiessee"]
[Date "2007.11.17"]
[Round "8"]
[White "Lupor, Andre"]
[Black "Gerstner, Bernhard"]
[Result "1/2-1/2"]
[WhiteElo "2298"]
[BlackElo "2150"]
[PlyCount "34"]
[EventDate "2007.11.10"]
[EventType "swiss"]
[EventRounds "9"]
[EventCountry "GER"]
[SourceTitle "CBM 121 Extra"]
[Source "ChessBase"]
[SourceDate "2008.01.10"]
[SourceVersion "1"]
[SourceVersionDate "2008.01.10"]
[SourceQuality "1"]

1. Nf3 Nf6 2. c4 b6 3. g3 c5 4. Bg2 Bb7 5. 0-0 e6 6. Nc3 Be7 7. Re1 Ne4 8. Nxe4 Bxe4 9. d3 Bb7 10. e4 d6 11. d4 cxd4 12. Nxd4 0-0 13. b3 a6 14. Ba3 Qc7 15. Qe2 Re8 16. Rad1 Nd7 17. Nf3 Rad8 1/2-1/2

[Event "Bayern-chI Bank Hofmann 11th"]
[Site "Bad Wiessee"]
[Date "2007.11.12"]
[Round "3"]
[White "Buhmann, Rainer"]
[Black "Lupor, Andre"]
[Result "1-0"]
[WhiteElo "2567"]
[BlackElo "2298"]
[PlyCount "81"]
[EventDate "2007.11.10"]
[EventType "swiss"]
[EventRounds "9"]
[EventCountry "GER"]
[SourceTitle "CBM 121 Extra"]
[Source "ChessBase"]
[SourceDate "2008.01.10"]
[SourceVersion "1"]
[SourceVersionDate "2008.01.10"]
[SourceQuality "1"]

1. Nf3 Nf6 2. c4 g6 3. Nc3 Bg7 4. e4 d6 5. d4 0-0 6. Be2 e5 7. 0-0 Nc6 8. d5 Ne7 9. b4 Nh5 10. Re1 f5 11. Ng5 Nf6 12. Bf3 c6 13. Bb2 h6 14. Ne6 Bxe6 15. dxe6 fxe4 16. Nxe4 Nf5 17. b5 Rc8 18. Rb1 Re8 19. Qa4 Qc7 20. g3 Rxe6 21. Qxa7 Ree8 22. bxc6 bxc6 23. Qxc7 Rxc7 24. Rbd1 Re6 25. a4 Kf7 26. a5 Nxe4 27. Bxe4 Bf8 28. Rd3 Re8 29. Rf3 Ke6 30. Rb3 Kf7 31. Rb6 Ne7 32. Rd1 Ke6 33. Ba3 Rd8 34. a6 Rdd7 35. Kg2 Rd8 36. h4 Bg7 37. Bb4 Bf6 38. Ba3 g5 39. hxg5 Bxg5 40. Bf3 Bf6 41. Bg4+ 1-0